书目信息 |
| 题名: |
数学
|
|
| 作者: | 沈清 主编 ;财经类中专数学教材编写组 编 | |
| 分册: | 第三册 | |
| 出版信息: | 北京 高等教育出版社 1993.9 |
|
| 页数: | 326页 | |
| 开本: | 19cm | |
| 丛书名: | ||
| 单 册: | ||
| 中图分类: | O12-43 | |
| 科图分类: | ||
| 主题词: | 数学--专业学校--教材 | |
| 电子资源: | ||
| ISBN: | 7-04-004053-0 | |
| 000 | 00834nam0 2200265 450 | |
| 001 | 0100440542 | |
| 005 | 20020928000000.0 | |
| 010 | @a7-04-004053-0@dCNY3.15 | |
| 011 | @a7-04-004053-0 | |
| 100 | @a19940204d1993 em y0chiy0110 ea | |
| 101 | 0 | @achi |
| 102 | @aCN@b110000 | |
| 105 | @ay z 000yy | |
| 106 | @ar | |
| 200 | 1 | @a数学@9Shu;Shuo Xue @f沈 清主编@g财经类中专数学教材编写组编@h第三册@b专著 |
| 210 | @a北京@c高等教育出版社@d1993.9 | |
| 215 | @a326页@d19cm | |
| 300 | @a中等专业学校教材 财经类专业通用 | |
| 304 | @a沈 清,南京铁路运输学校任教 | |
| 606 | 0 | @a数学@x专业学校@x教材 |
| 690 | @aO12-43@v三版 | |
| 701 | 0 | @a沈清@9shen qing@4主编 |
| 712 | 02 | @a财经类中专数学教材编写组@9cai jing lei zhong zhuan shu xue jiao cai bian xie zu@4编 |
| 801 | 0 | @aCN@bAiZhiMarc@c19940204 |
| 905 | @aBZT@dO12@e8:3@f7@sO12/8:3 | |
| 数学/沈 清主编/财经类中专数学教材编写组编.第三册.-北京:高等教育出版社,1993.9 |
| 326页;19cm |
| 中等专业学校教材 财经类专业通用 |
| ISBN 7-04-004053-0:CNY3.15 |
| ● |
| 相关链接 |
|
|
|
正题名:数学
索取号:O12/8:3
 
预约/预借
| 序号 | 登录号 | 条形码 | 馆藏地/架位号 | 状态 | 备注 |
| 1 | 2000074684 | 2000074684 | 旧书回溯/ [索取号:O12/8:3] | 在馆 | |
| 2 | 2000074692 | 2000074692 | 旧书回溯/ [索取号:O12/8:3] | 在馆 | |
| 3 | 2000074693 | 2000074693 | 旧书回溯/ [索取号:O12/8:3] | 在馆 | |
| 4 | 2000074694 | 2000074694 | 旧书回溯/ [索取号:O12/8:3] | 在馆 | |
| 5 | 2000074695 | 2000074695 | 旧书回溯/ [索取号:O12/8:3] | 在馆 | |
| 6 | 2000123141 | 2000123141 | 旧书回溯/ [索取号:O12/8:3] | 在馆 | |
| 7 | 2000123142 | 2000123142 | 旧书回溯/ [索取号:O12/8:3] | 在馆 |